Ninh Hiệp : Điểm sáng làng khuyến học /

Guardado en:
Detalles Bibliográficos
Autor principal: Đức Trọng.
Formato: Artículo
Lenguaje:Vietnamese
Materias:
Etiquetas: Agregar Etiqueta
Sin Etiquetas, Sea el primero en etiquetar este registro!
Thư viện lưu trữ: Thư viện Trường Đại học Đà Lạt
LEADER 00790nam a2200265 4500
001 DLU100111697
005 ##20100914
040 # # |a DLU  |b vie 
041 # # |a vie 
044 # # |a vn 
100 # # |a Đức Trọng. 
245 # # |a Ninh Hiệp :  |b Điểm sáng làng khuyến học /  |c Đức Trọng. 
653 # # |a Làng nghề truyền thống 
653 # # |a Phong trào khuyến học 
653 # # |a Truyền thống dân tộc 
773 # # |t Diễn đàn văn nghệ Việt Nam  |g Số 1(156), 2008, tr. 71-72 
920 # # |a Phòng Tạp chí -- Trung tâm Thông tin - Thư viện Trường Đại học Đà Lạt 
994 # # |a DLU 
900 # # |a True 
911 # # |a Nguyễn Thị Linh Chi 
925 # # |a G 
926 # # |a A 
927 # # |a BB 
980 # # |a Thư viện Trường Đại học Đà Lạt